[Event "New York Heraldica-Ruslan Satellite"]
[Site "New York"]
[Date "1983.06.??"]
[Round "8"]
[White "Schroer, Jonathan"]
[Black "Goodman, David SC"]
[Result "1/2-1/2"]
[WhiteElo "2310"]
[BlackElo "2405"]
[PlyCount "92"]
[EventDate "1983.06.??"]
[EventType "tourn"]
[EventRounds "11"]
[EventCountry "USA"]
[SourceTitle "EXT 2014"]
[Source "ChessBase"]
[SourceDate "2013.11.20"]
[SourceVersion "1"]
[SourceVersionDate "2013.11.20"]
[SourceQuality "1"]

1. d4 g6 2. c4 Bg7 3. Nc3 d6 4. e4 Nf6 5. Be2 0-0 6. Nf3 e5 7. dxe5 dxe5 8. Qxd8 Rxd8 9. Bg5 Nbd7 10. 0-0-0 Rf8 11. Nd2 Nc5 12. Be3 Ne6 13. c5 c6 14. Nc4 Nd4 15. Rhe1 Nd7 16. b4 b6 17. cxb6 Nxb6 18. Nxb6 axb6 19. Bc4 b5 20. Bb3 Nxb3+ 21. axb3 Be6 22. Kb2 Rfd8 23. Bc5 f5 24. f3 Kf7 25. Ne2 f4 26. Bf2 g5 27. g4 h5 28. h3 hxg4 29. hxg4 Rh8 30. Rh1 Rad8 31. Rxd8 Rxh1 32. Nc1 Rh2 33. Rd2 Rh3 34. Rd3 Rh2 35. Rd2 Bf8 36. Kc3 Rh3 37. Rd3 Be7 38. Bc5 Rh1 39. Bxe7 Kxe7 40. Kc2 Rf1 41. Rc3 Rf2+ 42. Kd1 Kd6 43. Rd3+ Kc7 44. Rc3 Kd6 45. Rd3+ Ke7 46. Rc3 Kd6 1/2-1/2

[Event "Manhattan CC-ch"]
[Site "New York"]
[Date "1983.??.??"]
[Round "5"]
[White "Goodman, David SC"]
[Black "Benjamin, Joel"]
[Result "1/2-1/2"]
[WhiteElo "2405"]
[BlackElo "2475"]
[PlyCount "110"]
[EventDate "1983.??.??"]
[EventType "swiss"]
[EventRounds "6"]
[EventCountry "USA"]
[SourceTitle "MCD"]
[Source "ChessBase"]
[SourceDate "1999.07.01"]
[SourceVersion "1"]
[SourceVersionDate "1999.07.01"]
[SourceQuality "1"]

1. d4 Nf6 2. c4 e6 3. Nf3 c5 4. e3 cxd4 5. exd4 d5 6. Nc3 Bb4 7. Bd3 0-0 8. cxd5 exd5 9. 0-0 Bg4 10. Bg5 Bxc3 11. bxc3 Nbd7 12. Rb1 Qc7 13. Qd2 Rac8 14. Rfc1 Ne4 15. Bxe4 dxe4 16. Bf4 Qc6 17. d5 Qf6 18. Bg5 Qd6 19. Bf4 Qg6 20. Ne5 Nxe5 21. Bxe5 b6 22. Rb4 h5 23. Bg3 Bd7 24. Rd4 Rfe8 25. Qf4 Rc5 26. h4 Ra5 27. Ra1 Bg4 28. Kh2 Kh7 29. a3 Qf5 30. Qxf5+ Bxf5 31. d6 Rc5 32. c4 Bd7 33. Re1 f5 34. f3 e3 35. Re2 Kg6 36. Bf4 Kf7 37. Rxe3 Rxe3 38. Bxe3 Ke8 39. Kg3 Kf7 40. Bf4 Ke8 41. Bd2 Be6 42. Kf4 Kd7 43. Kg5 Bf7 44. Bf4 a6 45. Bd2 f4+ 46. Kxf4 Bxc4 47. Bb4 Rc8 48. Kg5 a5 49. Bd2 Bf7 50. Rf4 Rc5+ 51. Rf5 Rxf5+ 52. Kxf5 Kxd6 53. Bc3 g6+ 54. Kf6 Be8 55. Bd4 Kc7 1/2-1/2

[Event "Manhattan CC-ch"]
[Site "New York"]
[Date "1983.??.??"]
[Round "3"]
[White "Goodman, David SC"]
[Black "Kastner, Jeffrey"]
[Result "1-0"]
[WhiteElo "2405"]
[BlackElo "2310"]
[PlyCount "45"]
[EventDate "1983.??.??"]
[EventType "swiss"]
[EventRounds "6"]
[EventCountry "USA"]
[SourceTitle "MCD"]
[Source "ChessBase"]
[SourceDate "1999.07.01"]
[SourceVersion "1"]
[SourceVersionDate "1999.07.01"]
[SourceQuality "1"]

1. d4 Nf6 2. c4 e6 3. Nf3 b6 4. a3 Ba6 5. Nbd2 Bb7 6. Qc2 c5 7. e4 cxd4 8. e5 Ng4 9. h3 Nh6 10. Ne4 d5 11. exd6 Nf5 12. Bd3 h6 13. 0-0 Nxd6 14. Nxd4 Nxe4 15. Bxe4 Bxe4 16. Qxe4 Nd7 17. Re1 Bc5 18. Nxe6 fxe6 19. Qxe6+ Kf8 20. Rd1 Qf6 21. Qxd7 Qxf2+ 22. Kh1 Kg8 23. Qd5+ 1-0

[Event "New York op"]
[Site "New York"]
[Date "1983.??.??"]
[Round "4"]
[White "Goodman, David SC"]
[Black "Lombardy, William James"]
[Result "0-1"]
[WhiteElo "2405"]
[BlackElo "2515"]
[PlyCount "117"]
[EventDate "1983.03.30"]
[EventType "swiss"]
[EventRounds "8"]
[EventCountry "USA"]
[SourceTitle "EXT 2000"]
[Source "ChessBase"]
[SourceDate "1999.11.16"]
[SourceVersion "1"]
[SourceVersionDate "1999.11.16"]
[SourceQuality "1"]

1. d4 Nf6 2. c4 e6 3. Nf3 d5 4. Nc3 c6 5. e3 Nbd7 6. Qc2 Bb4 7. a3 Ba5 8. Bd3 0-0 9. 0-0 Bc7 10. b4 dxc4 11. Bxc4 e5 12. dxe5 Nxe5 13. Be2 Nxf3+ 14. Bxf3 Ng4 15. g3 Ne5 16. Bg2 Qd3 17. Qxd3 Nxd3 18. Rd1 Nxc1 19. Raxc1 Bg4 20. Rd4 Be6 21. Ne4 Be5 22. Rd2 Rad8 23. Rcd1 Rxd2 24. Rxd2 h6 25. Nc5 Bc8 26. f4 Bc7 27. Kf2 Rd8 28. Rxd8+ Bxd8 29. Ke2 Kf8 30. Kd2 Be7 31. Nb3 Ke8 32. Kc3 Kd8 33. e4 g5 34. e5 gxf4 35. gxf4 Bh4 36. Kd3 f6 37. Nd4 fxe5 38. fxe5 Bg5 39. Ne2 Bf5+ 40. Kd4 Bg4 41. Nc3 Bc1 42. a4 Bb2 43. Kc4 Be6+ 44. Kd3 Kc7 45. b5 a5 46. bxa6 bxa6 47. Kc2 Ba3 48. Ne2 Bc5 49. Kc3 a5 50. Nd4 Bxd4+ 51. Kxd4 Kb6 52. Be4 Bb3 53. Bf5 c5+ 54. Kc3 Bxa4 55. e6 Kc7 56. Bg6 Kd6 57. Kc4 Bd1 58. Kb5 a4 59. Bb1 0-1

[Event "Kings Head International I"]
[Site "London, Bayswater"]
[Date "1982.02.04"]
[Round "6"]
[White "Formanek, Edward W"]
[Black "Goodman, David SC"]
[Result "0-1"]
[WhiteElo "2330"]
[BlackElo "2345"]
[PlyCount "108"]
[EventDate "1982.01.31"]
[EventType "tourn"]
[EventRounds "9"]
[EventCountry "ENG"]
[EventCategory "4"]
[SourceTitle "EXT 2022"]
[Source "ChessBase"]
[SourceDate "2021.10.06"]
[SourceVersion "1"]
[SourceVersionDate "2021.10.06"]
[SourceQuality "1"]

1. e4 g6 2. d4 d6 3. c4 Bg7 4. Nc3 Nf6 5. f3 0-0 6. Be3 Nc6 7. Qd2 Re8 8. Nge2 Rb8 9. d5 Ne5 10. Nd4 c5 11. dxc6 bxc6 12. Be2 c5 13. Ndb5 a6 14. Na3 Nc6 15. 0-0 Nd4 16. Rae1 Qa5 17. Nab1 Bb7 18. Bh6 Bh8 19. Bd3 Bc6 20. h3 Qb4 21. Rf2 Nd7 22. f4 Nb6 23. b3 Nd7 24. h4 a5 25. h5 e6 26. Ref1 Qb7 27. Qe3 Nf6 28. hxg6 hxg6 29. f5 exf5 30. Qg3 Nxe4 31. Bxe4 Bxe4 32. Qxd6 Bxb1 33. Rxb1 Qe7 34. Bf4 Qxd6 35. Bxd6 Rbc8 36. Nd5 Kh7 37. g3 g5 38. Kg2 Rc6 39. Rh1+ Kg7 40. Be7 Kg6 41. Rd1 Be5 42. Re1 f6 43. Ref1 Rh8 44. Rd2 g4 45. Bd8 Nf3 46. Ne7+ Kg5 47. Rh1 Rxh1 48. Kxh1 Nxd2 49. Nxc6 Bxg3 50. Bxa5 Ne4 51. a4 f4 52. Bc7 f3 53. Bxg3 Nxg3+ 54. Kg1 Ne2+ 0-1

[Event "Kings Head International I"]
[Site "London, Bayswater"]
[Date "1982.02.03"]
[Round "5"]
[White "Goodman, David SC"]
[Black "Schiller, Eric Andrew"]
[Result "1/2-1/2"]
[WhiteElo "2345"]
[BlackElo "2230"]
[PlyCount "36"]
[EventDate "1982.01.31"]
[EventType "tourn"]
[EventRounds "9"]
[EventCountry "ENG"]
[EventCategory "4"]
[SourceTitle "EXT 2022"]
[Source "ChessBase"]
[SourceDate "2021.10.06"]
[SourceVersion "1"]
[SourceVersionDate "2021.10.06"]
[SourceQuality "1"]

1. d4 d5 2. c4 Nc6 3. Nc3 Nf6 4. Nf3 dxc4 5. d5 Na5 6. Qa4+ c6 7. dxc6 Nxc6 8. Ne5 Bd7 9. Nxd7 Nxd7 10. Qxc4 Nb6 11. Qe4 Qd4 12. Qc2 e6 13. Be3 Qe5 14. Bxb6 axb6 15. Rc1 Bc5 16. e3 0-0 17. Be2 Rfd8 18. a3 Ne7 1/2-1/2

[Event "Reykjavik Open"]
[Site "Reykjavik"]
[Date "1982.02.??"]
[Round "?"]
[White "Goodman, David SC"]
[Black "Jonasson, Benedikt"]
[Result "1/2-1/2"]
[WhiteElo "2345"]
[BlackElo "2240"]
[PlyCount "182"]
[EventDate "1982.02.??"]
[EventType "swiss"]
[EventRounds "11"]
[EventCountry "ISL"]
[SourceTitle "MCD"]
[Source "ChessBase"]
[SourceDate "1999.07.01"]
[SourceVersion "1"]
[SourceVersionDate "1999.07.01"]
[SourceQuality "1"]

1. d4 Nf6 2. c4 e6 3. Nf3 d5 4. Nc3 Be7 5. cxd5 exd5 6. Bg5 0-0 7. e3 c6 8. Bd3 Nbd7 9. Qc2 Re8 10. 0-0 Nf8 11. Rab1 Ng6 12. Bxf6 Bxf6 13. b4 Bg4 14. Nd2 Rc8 15. Na4 Re7 16. Rfc1 Qd6 17. b5 Ree8 18. b6 axb6 19. Nxb6 Rc7 20. Nb3 Bd8 21. Bf5 Bxf5 22. Qxf5 Nh4 23. Qd3 f5 24. g3 Rf7 25. Nd2 Ng6 26. Na4 f4 27. exf4 Nxf4 28. gxf4 Qxf4 29. Nf1 Qxf2+ 30. Kh1 Rf3 31. Rc2 Rxd3 32. Rxf2 Rxd4 33. Nc5 b5 34. Ng3 Bb6 35. Nd7 Ba7 36. Rbf1 h6 37. Rf8+ Rxf8 38. Rxf8+ Kh7 39. Ra8 Rd1+ 40. Kg2 Rd2+ 41. Kh3 Rxa2 42. Nf8+ Kg8 43. Ne6+ Kf7 44. Nd8+ Kg6 45. Nxc6 Ra6 46. Nxa7 b4 47. Ne2 b3 48. Nf4+ Kh7 49. Nxd5 b2 50. Rb8 Ra3+ 51. Kg4 Ra4+ 52. Kf3 Rxa7 53. Rxb2 Ra5 54. Ne3 Rh5 55. Kg4 Rg5+ 56. Kf4 Ra5 57. Rd2 Rb5 58. Nd5 Rb1 59. Kg4 Rg1+ 60. Kf3 Ra1 61. Nf4 Ra3+ 62. Rd3 Ra2 63. Kg3 Ra4 64. Rb3 Ra7 65. Re3 Rb7 66. Kg4 Ra7 67. Re4 Rd7 68. Ne2 Ra7 69. Nf4 Rd7 70. Ne6 Ra7 71. h4 Rf7 72. Re5 Rb7 73. Re2 Ra7 74. h5 Ra4+ 75. Kf5 Ra5+ 76. Re5 Ra8 77. Rc5 Rb8 78. Rd5 Ra8 79. Rd8 Ra5+ 80. Kg4 Ra4+ 81. Nf4 Ra5 82. Nd5 Ra1 83. Kf5 Rg1 84. Nf4 Rg5+ 85. Ke6 Ra5 86. Rd7 Ra6+ 87. Ke7 Ra8 88. Ne6 Ra5 89. Kf8 Kh8 90. Rxg7 Ra8+ 91. Kf7 Rf8+ 1/2-1/2

[Event "Competence Computers International"]
[Site "Brighton"]
[Date "1980.12.12"]
[Round "3"]
[White "Goodman, David SC"]
[Black "Tisdall, Jonathan D"]
[Result "1-0"]
[WhiteElo "2375"]
[BlackElo "2350"]
[PlyCount "99"]
[EventDate "1980.12.10"]
[EventType "tourn"]
[EventRounds "9"]
[EventCountry "ENG"]
[SourceTitle "EXT 2018"]
[Source "ChessBase"]
[SourceDate "2017.10.13"]
[SourceVersion "1"]
[SourceVersionDate "2017.10.13"]
[SourceQuality "1"]

1. d4 e6 2. c4 d5 3. Nc3 c5 4. e3 Nc6 5. cxd5 exd5 6. Nf3 Nf6 7. Be2 a6 8. 0-0 Bd6 9. b3 0-0 10. Bb2 cxd4 11. Nxd4 Re8 12. Nxc6 bxc6 13. Na4 Ne4 14. Bf3 Re6 15. g3 Rb8 16. Rc1 Qe7 17. Rxc6 Rg6 18. Bg2 Bd7 19. Rb6 Rd8 20. Qxd5 Nxf2 21. Rxf2 Bxa4 22. Rb7 Bd7 23. Bd4 Rc8 24. Qe4 Qd8 25. Rc2 Rxc2 26. Qxc2 h5 27. Ra7 Qa5 28. Bc3 Qb5 29. a4 Qc5 30. Rxd7 Qxe3+ 31. Kh1 Be5 32. Rd3 Qc5 33. Qd2 h4 34. Bxe5 Qxe5 35. gxh4 Re6 36. Bf3 Qa1+ 37. Kg2 Rg6+ 38. Kf2 Qg1+ 39. Ke2 Re6+ 40. Re3 Qxh2+ 41. Kd1 Rd6 42. Rd3 Qg1+ 43. Kc2 Qg6 44. Be2 Rc6+ 45. Kb1 Qf5 46. Ka2 g6 47. Rd8+ Kh7 48. Qb2 f6 49. Bd3 Qg4 50. Qd4 1-0

[Event "Skien op"]
[Site "Skien"]
[Date "1980.??.??"]
[Round "5"]
[White "Goodman, David SC"]
[Black "Henttinen, Markku IO"]
[Result "1/2-1/2"]
[WhiteElo "2375"]
[BlackElo "2215"]
[PlyCount "73"]
[EventDate "1980.??.??"]
[EventType "swiss"]
[EventRounds "9"]
[EventCountry "NOR"]
[SourceTitle "MCD"]
[Source "ChessBase"]
[SourceDate "1999.07.01"]
[SourceVersion "1"]
[SourceVersionDate "1999.07.01"]
[SourceQuality "1"]

1. d4 Nf6 2. c4 e6 3. Nf3 b6 4. a3 d5 5. Nc3 Be7 6. cxd5 exd5 7. Qa4+ c6 8. Bg5 0-0 9. e3 Bb7 10. Ne5 Nfd7 11. Bxe7 Qxe7 12. Nd3 c5 13. Nf4 cxd4 14. Nfxd5 Bxd5 15. Nxd5 Qd6 16. Qxd4 Nc6 17. Qd1 Nc5 18. Bb5 Ne5 19. Nf4 Qf6 20. 0-0 Rfd8 21. Qc2 g5 22. Ne2 a6 23. Ba4 Nxa4 24. Qxa4 Rd2 25. Qe4 Rad8 26. Nd4 Rxb2 27. Rac1 Rd2 28. Qb7 Nd3 29. Rc8 Nc5 30. Qb8 Rxc8 31. Qxc8+ Kg7 32. g4 Kg6 33. Nf5 Rd8 34. Qc7 Rd7 35. Qb8 Rd8 36. Qc7 Rd7 37. Qb8 1/2-1/2

[Event "Brighton"]
[Site "Brighton"]
[Date "1979.??.??"]
[Round "?"]
[White "Goodman, David SC"]
[Black "Blackstock, Leslie Steven F"]
[Result "1/2-1/2"]
[WhiteElo "2340"]
[BlackElo "2340"]
[PlyCount "80"]
[EventDate "1979.12.??"]
[EventType "tourn"]
[EventRounds "9"]
[EventCountry "ENG"]
[EventCategory "3"]
[SourceTitle "MCL"]
[Source "ChessBase"]
[SourceDate "1999.07.01"]
[SourceVersion "1"]
[SourceVersionDate "1999.07.01"]
[SourceQuality "1"]

1. d4 Nf6 2. c4 e6 3. Nf3 b6 4. a3 Bb7 5. Nc3 d5 6. cxd5 exd5 7. Bg5 Be7 8. Bxf6 Bxf6 9. e3 0-0 10. Be2 c5 11. Rc1 cxd4 12. Nxd4 Nc6 13. Ncb5 Nxd4 14. Nxd4 Rc8 15. Rxc8 Qxc8 16. 0-0 g6 17. Qd2 Qb8 18. Bg4 h5 19. Bf3 Rc8 20. Rc1 a6 21. g3 Be5 22. Rc3 Rxc3 23. Qxc3 h4 24. Kg2 hxg3 25. hxg3 Qd6 26. b4 Kf8 27. Qd3 Ke7 28. Ne2 Qc6 29. Nf4 Bxf4 30. gxf4 Qe6 31. Qd4 Qf6 32. Qxf6+ Kxf6 33. Kf1 g5 34. fxg5+ Kxg5 35. Ke2 Kf5 36. Bh5 f6 37. Kd3 Ke5 38. f4+ Kd6 39. Kd4 Bc6 40. Be2 a5 1/2-1/2